000 01033cam a22001934a 4500
005 20250605164335.0
008 250528s ||||||||||||||||||||||||d
035 _a23390
040 _aGR-AtMCL
_bgre
_dGR-AtMCL
_eAACR2
245 1 _aSimulating Networks at Home/Which Tool to Choose
260 _c2019
300 _a47
520 _aAbstract, Introduction, Literature Review, Cisco Packer Tracer, Riverbed Modeler (Academin Edition), Graphical Network Simulator 3, Additional Technologies and Protocols, Specification Analysis, Implementation Methodology, Implementation, Cisco Packet Tracer, Graphical Network Simulator 3, Riverbed Modeler, Issues That Appeared, Cisco Packet Tracer, Graphical Network Simulation 3, Riverbed Modeler (Academic Edition), Results and Conclusions, Cisco Packet Tracer, Graphical Network Simulation 3, Riverbed Modeler (Academic Edition), Dicussion, References.
700 1 _aDiagiakidis Michail
_98951
700 1 _aDikaios Pavlos
_98952
942 _cDS
999 _c8413
_d8413